01521nam a22003737a 4500003000500000005001700005008004100022010001000063011001000073035001000083040000900093090001000102100004200112245012600154260004000280300001000320500001100330502008200341590003700423590004100460590004100501590004100542590004200583650003800625650003300663710007700696901000700773942000900780949004200789949004700831999001700878952012500895952012701020CHAP20220329141507.0971013s1989 r 00010 d a69018 a69990 a79469 cCHAP aTesis00aCepeda Dovala, Angel Rumualdo.921313 aInteracción genotipo x ambiente de cinco líneas comerciales de gallinas de postura Leghorn blancas en dos localidades aChapingo, Méx. :bEl Autor,c1989 a98 h. a32-169 aTesis (Maestro en Ciencias Esp. en Ganadería) -- C.P. Centro de Ganadería aALEPHb10c20130110lUCH01h1407 aBATCH-UPDb10c20130110lUCH01h1733 aBATCH-UPDb10c20130410lUCH01h1114 aBATCH-UPDb10c20130914lUCH01h0449 aCONVERSIONb10c20130109lUCH01h133814aAves de corralxGenética.9865014aHuevosxProducción.9567590 aColegio de Postgraduados. Chapingo, Méx. Centro de Ganadería.925082 aBK cFOLL bBCcTESd-32358eTS1h22122i79469si bBCcTESd-95362eTS2fc.2h22123i79469si c69018d69018 00102local4053708TESISaBCbBCcPA_TESISd2019-12-31fTESISl0p-95362r2019-12-31 00:00:00tc.2w2019-12-31yTESIS 00102local4051708TESISaBCbBCcPA_TESISd2019-12-31fTESISl0oTesisp-32358r2019-12-31 00:00:00w2019-12-31yTESIS